Statistics for Geography tile select (#7)

Click here to take the quiz!

General Stats

  • This quiz has been taken 53 times
  • The average score is 39 of 60

Answer Stats

QuestionTileSelect% Correct
Greek islandsBananalNo
100%
Greek islandsRangitotoNo
100%
Greek islandsCozumelNo
96%
countries that produce diamonds in large quantitiesKiribatiNo
96%
countries that produce diamonds in large quantitiesVietnamNo
96%
Greek islandsRhodesYes
92%
countries that generate more than 10% of their electricity from geothermal sourcesIcelandYes
90%
countries that generate more than 10% of their electricity from geothermal sourcesIranNo
90%
American states named after local Indigenous peoplesMaineNo
90%
countries that produce diamonds in large quantitiesSaudi ArabiaNo
90%
countries that produce diamonds in large quantitiesAzerbaijanNo
88%
Greek islandsMarionNo
88%
Greek islandsNihoaNo
88%
countries that produce diamonds in large quantitiesPapua New GuineaNo
88%
Greek islandsBravaNo
87%
American states named after local Indigenous peoplesCaiforniaNo
87%
countries that generate more than 10% of their electricity from geothermal sourcesCape VerdeNo
85%
Greek islandsCorfuYes
83%
Greek islandsSadoNo
83%
countries that generate more than 10% of their electricity from geothermal sourcesSouth KoreaNo
81%
countries that produce diamonds in large quantitiesBotswanaYes
77%
countries that produce diamonds in large quantitiesMadagascarNo
77%
countries that generate more than 10% of their electricity from geothermal sourcesTanzaniaNo
77%
transnational tunnelsThe Tasman Tunnel connecting Australia and New ZealandNo
77%
American states named after local Indigenous peoplesIowaYes
75%
countries that produce diamonds in large quantitiesDR CongoYes
73%
countries that generate more than 10% of their electricity from geothermal sourcesMarshall IslandsNo
73%
American states named after local Indigenous peoplesMontanaNo
73%
Greek islandsIthacaYes
71%
Greek islandsNaxosYes
71%
American states named after local Indigenous peoplesAlaskaNo
69%
countries that produce diamonds in large quantitiesSudanNo
69%
transnational tunnelsThe Channel Tunnel connecting France and the UKYes
67%
transnational tunnelsThe Flensborg Tunnel connecting Germany and DenmarkNo
67%
transnational tunnelsThe Olše/Olza Tunnel connecting Czechia and PolandNo
67%
American states named after local Indigenous peoplesNorth DakotaYes
65%
countries that produce diamonds in large quantitiesAustraliaYes
63%
American states named after local Indigenous peoplesUtahYes
63%
transnational tunnelsThe Hawar Tunnel connecting Qatar and BahrainNo
62%
transnational tunnelsThe Hormuz Tunnel connecting Iran and the UAENo
62%
American states named after local Indigenous peoplesNevadaNo
60%
countries that produce diamonds in large quantitiesRussiaYes
60%
transnational tunnelsThe Gibraltar Tunnel connecting Spain and MoroccoNo
60%
countries that generate more than 10% of their electricity from geothermal sourcesSwitzerlandNo
54%
transnational tunnelsThe Umeå-Vaasa Tunnel connecting Sweden and FinlandNo
54%
transnational tunnelsThe Simplon Tunnel connecting Italy and SwitzerlandYes
46%
countries that generate more than 10% of their electricity from geothermal sourcesCanadaNo
44%
transnational tunnelsThe Fréjus Road Tunnel connecting France and ItalyYes
40%
countries that generate more than 10% of their electricity from geothermal sourcesCosta RicaYes
38%
transnational tunnelsThe Detroit-Windsor Tunnel connecting the USA and CanadaYes
38%
American states named after local Indigenous peoplesMassachusettsYes
35%
countries that produce diamonds in large quantitiesCanadaYes
33%
American states named after local Indigenous peoplesHawaiiNo
33%
American states named after local Indigenous peoplesIdahoNo
29%
transnational tunnelsThe Karawanks Tunnel connecting Austria and SloveniaYes
29%
American states named after local Indigenous peoplesKansasYes
27%
Greek islandsValaxaYes
23%
countries that generate more than 10% of their electricity from geothermal sourcesPhilippinesYes
17%
countries that generate more than 10% of their electricity from geothermal sourcesKenyaYes
15%
countries that generate more than 10% of their electricity from geothermal sourcesEl SalvadorYes
13%

Score Distribution

Percentile by Number Answered

Percent of People with Each Score

Your Score History

You have not taken this quiz